000 00219 a2200109 4500
001 66313
040 _cAnchieta - Pituba
240 1 0 _aSophie Scholl
_l
245 1 0 _aSophie Scholl
650 4 _aLíngua alemã
942 _cMX
999 _c66313
_d66313